| 000 | 00361 a2200145 4500 | ||
|---|---|---|---|
| 040 |
_aDLC _bDLC |
||
| 082 | _a530 | ||
| 100 | _aFouzia Saleemi. | ||
| 245 |
_aPhysics (XII) _cFouzia Saleemi |
||
| 260 |
_aLahore: _bPunjab textbook Board, _c2005. |
||
| 300 |
_a268 p. : _bill. ; _c24 cm. |
||
| 500 | _aIncludes Index | ||
| 650 | _aPhysics. | ||
| 942 |
_cBK _k530 FOU _2ddc |
||
| 999 |
_c9382 _d9382 |
||